000 004760000a22001570004500
008 230817t ||||| |||| 00| 0 eng d
027 _a7
082 _a730
_bUTH
110 _a University Teachers for human rights (Jaffna)
245 _aThe clash of ideologies and the continuing tragedy in the Batticaloa & Amparai District
260 _aColombo
_bUTHR
_c1991
300 _a76 p.
650 _aUTHR
856 _uhttps://noolaham.net/project/39/3821/3821.pdf
942 _cRP
999 _c2540
_d2540